| 000 | 00377 a2200169 4500 | ||
|---|---|---|---|
| 001 | 188809 | ||
| 020 | _a978-85-377-0042-6 | ||
| 040 | _cMagnum | ||
| 100 | _aSantiago, Pedro | ||
| 240 | 1 | 0 |
_aPor dentro da história _lpor |
| 245 | 1 | 0 | _aPor dentro da história |
| 300 | _a751 | ||
| 362 | 0 | _a2007 | |
| 440 | 1 | _aEscala Educacional | |
| 697 | _aHISTÓRIA GERAL | ||
| 942 | _cBK | ||
| 999 |
_c188809 _d188809 |
||